Tendence k demonopolizaci se neprosadila. Fond národního majetku ČR po roce svého působení.

Fond národného majetku ČR založený v r. 1991 s poslaním plniť funkciu dočasného vlastníctva národného majetku, postupne odovzdávať tento majetok súkromným zodpovedným vlastníkom. Účtovná hodnota majetku bola ku 30.6.1991 408,4 mld Kčs. Informácia o privatizačných metódach. V praktickej aplikácii zví...

Descrizione completa

Salvato in:
Dettagli Bibliografici
Autore principale: Klvačová, Eva
Natura: Capitolo di libro
Lingua:ceco
Soggetti:
Tags: Aggiungi Tag
Nessun Tag, puoi essere il primo ad aggiungerne!!

MARC

LEADER 00000naa a2200000 4500
001 r009422
005 20220831090256.5
041 0 |a cze 
044 |a [CS] 
245 1 0 |a Tendence k demonopolizaci se neprosadila.  |b Fond národního majetku ČR po roce svého působení.  |c Eva Klvačová 
520 |a Fond národného majetku ČR založený v r. 1991 s poslaním plniť funkciu dočasného vlastníctva národného majetku, postupne odovzdávať tento majetok súkromným zodpovedným vlastníkom. Účtovná hodnota majetku bola ku 30.6.1991 408,4 mld Kčs. Informácia o privatizačných metódach. V praktickej aplikácii zvíťazila forma účastinných spoločností. Tendencia k demonopolizácii a k rozdeľovaniu podnikov sa nepresadila. Zhodnotenie realizácie zámerov a prehľad o hospodárení Fondu. 
610 2 0 |a majetok národný 
610 2 0 |a Čechy 
610 2 0 |a 1991 
610 2 0 |a privatizácia 
610 2 0 |a vlastníctvo súkromné 
610 2 0 |a spoločnosti akciové 
610 2 0 |a demonopolizácia 
100 1 |a Klvačová, Eva